000 00364nam a2200157Ia 4500
008 100122s9999 xx 000 0 und d
082 _b41854
_a823.08
100 _aLYNN J
245 _aHUMOROUS STORIES
260 _bOCTOPUS BOOK LTD
_c1988
300 _a797
630 _aHUMOROUS STORIES
700 _aJAY A
730 _aHUMOROUS STORIES
942 _cBOOK
999 _c372687
_d372684